| 000 | 01105nam a22002777a 4500 | ||
|---|---|---|---|
| 001 | BD-DhSAU 9390 | ||
| 003 | BD-DhSAU | ||
| 005 | 20190109121246.0 | ||
| 008 | 150613b2009 bg a|||| m||| 00| 0 eng d | ||
| 040 | _aBD-DhSAU | ||
| 082 |
_222 _a631.4 _bUd2 |
||
| 100 |
_aUddin, Borhan _eRegistration # 03-1204 |
||
| 245 |
_aEffect of different levels of nitrogen and phosphorus on the growth and yield of garden pea (Pisum sativum L.) / _bMS thesis _c Borhan Uddin |
||
| 260 |
_aSher-e-Bangla Agricultural University : _bDepartment of Soil Science, _c2009. |
||
| 300 |
_avii, 78 p. : _bill. ; _c30 cm. |
||
| 500 | _aMS thesis of Department of Soil Science, Faculty of Agriculture, Sher-e-Bangla Agricultural University, Dhaka, Bangladesh | ||
| 504 | _aIncludes bibliographical reference. | ||
| 590 | _aJerin | ||
| 650 | _aSoil Science | ||
| 650 | _anitrogen | ||
| 650 | _aphosphorus | ||
| 700 |
_aPaul, Alok Kumar _eSuperviser |
||
| 700 |
_aKhan, Md. Asaduzzaman _eCo-superviser |
||
| 856 |
_yOnline Access _uhttp://archive.saulibrary.edu.bd:8080/xmlui/handle/123456789/2125 |
||
| 942 |
_2ddc _cTHESIS |
||
| 999 |
_c9390 _d9390 |
||